MARC

Tag First Indicator Second Indicator Subfields
LEADER 00000cam a22000004a 4500
001 in00004605913
006 m o d
007 cr unu||||||||
008 120228s2012 miua ob s001 0deng d
005 20221129150640.0
010 |a 2012000976 
020 |z 9780472118120  |q (cloth : acid-free paper) 
020 |a 9780472028221  |q (e-book) 
024 7 |a 10.3998/mpub.3644917  |2 doi 
035 |a (MiU)10.3998/mpub.3644917 
040 |a MiU  |b eng  |c MiU 
043 |a f-ua--- 
050 0 0 |a TP559.E3  |b H42 2012 
082 0 0 |a 641.2/20962  |2 23 
100 1 |a Hickey, T. M. 
245 1 0 |a Wine, wealth, and the state in late antique Egypt :  |b the house of Apion at Oxyrhynchus /  |c T.M. Hickey. 
264 1 |a Ann Arbor :  |b University of Michigan Press,  |c c2012. 
300 |a 1 online resource 
336 |a text  |b txt  |2 rdacontent 
337 |a computer  |b c  |2 rdamedia 
338 |a online resource  |b cr  |2 rdacarrier 
490 1 |a New texts from ancient cultures 
500 |a Significantly revised version of author's 2001 University of Chicago doctoral dissertation entitled A public "house" but closed : "fiscal participation" and economic decision making on the Oxyrhynchite estate of the Flavii Apiones. 
504 |a Includes bibliographical references (p. 199-216) and indexes. 
505 0 |a Land -- Vineland -- Labor in the Vineyard -- The Flow of Wine through the Estate -- Assessing Estate Viticulture -- Conclusion -- Appendix A: Abstract of Text I -- Appendix B: Viticultural Sites -- Appendix C: Wine Containers Used in the Byzantine Oxyrhynchite. 
588 |a Description based on information from the publisher. 
650 0 |a Wine and wine making  |z Egypt  |z Oxyrhynchite Nome  |x History. 
650 0 |a Viticulture  |z Egypt  |z Oxyrhynchite Nome  |x History. 
650 0 |a Vineyards  |z Egypt  |z Oxyrhynchite Nome  |x History. 
650 0 |a Manors  |z Egypt  |z Oxyrhynchite Nome  |x History. 
650 0 |a Wealth  |x Political aspects  |z Egypt  |z Oxyrhynchite Nome  |x History. 
650 0 |a Manuscripts (Papyri) 
651 0 |a Oxyrhynchite Nome (Egypt)  |x Economic conditions. 
651 0 |a Egypt  |x Economic conditions  |y 332 B.C.-640 A.D. 
651 0 |a Egypt  |x Politics and government  |y 30 B.C.-640 A.D. 
655 7 |a Electronic books.  |2 local 
700 1 |a Hickey, T. M.  |t Public "house" but closed. 
710 2 |a Michigan Publishing (University of Michigan)  |e publisher. 
830 0 |a New texts from ancient cultures 
856 4 0 |u http://proxy.library.tamu.edu/login?url=https://doi.org/10.3998/mpub.3644917  |z Connect to the full text of this electronic book  |t 0 
955 |a University of Michigan Press ebooks 
999 f f |s 046dcc1e-561a-48b7-9820-c4f367ceae97  |i 454f062a-5d87-430e-b191-e4963e187adf  |t 0 
952 f f |a Texas A&M University  |b College Station  |c Electronic Resources  |d Available Online  |t 0  |e TP559.E3 H42 2012  |h Library of Congress classification 
998 f f |a TP559.E3 H42 2012  |t 0  |l Available Online